Sacramento Kings Starters of the Last 10 Years - Statistics

General Stats
  • This quiz has been taken 9 times
    5 since last reset
  • The average score is 25 of 76
Answer Stats
Games Year(s) Position Before Kings Player % Correct
500 2018-25 PG Kentucky De'Aaron Fox
100%
234 2017-22 SG/SF New Orleans Pelicans Buddy Hield
75%
32 2022-24 PG/SG Baylor Davion Mitchell
75%
56 2017 C Kentucky DeMarcus Cousins
75%
154 2025-26 SF/PF Chicago Bulls DeMar DeRozan
75%
261 2022-26 C Indiana Pacers Domantas Sabonis
75%
399 2019-24 PF/SF Dallas Mavericks Harrison Barnes
75%
263 2023-26 SF/PF Iowa Keegan Murray
75%
48 2025-26 SG Los Angeles Lakers Malik Monk
75%
69 2019-22 PF/C Duke Marvin Bagley III
75%
13 2017 SF Memphis Grizzlies Matt Barnes
75%
56 2026 C Nanterre 92 (France) Maxime Raynaud
75%
71 2021-22 SG/PG Iowa State Tyrese Haliburton
75%
69 2025-26 SG Chicago Bulls Zach LaVine
75%
18 2020-23, 2025 C Atlanta Hawks Alex Len
50%
26 2017 SG/SF Kansas Ben McLemore
50%
11 2024 SG/SF Indiana Pacers Chris Duarte
50%
2 2026 SF Cleveland Cavaliers De'Andre Hunter
50%
14 2026 PG Detroit Pistons Dennis Schroder
50%
3 2025 SF Indiana Pacers Doug McDermott
50%
17 2020 C Duke Harry Giles III
50%
40 2019 SF Cleveland Cavaliers Iman Shumpert
50%
2 2025 PF Milwaukee Bucks Jae Crowder
50%
9 2025 C Washington Wizards Jonas Valanciunas
50%
44 2018-19 SF North Carolina Justin Jackson
50%
54 2024-26 SG/PG Alabama Keon Ellis
50%
57 2026 C New York Knicks Precious Achiuwa
50%
137 2020-23 C Phoenix Suns Richaun Holmes
50%
30 2017 SF/PF Toronto Raptors Rudy Gay
50%
58 2026 PG Denver Nuggets Russell Westbrook
50%
41 2017-18 PF/C Kentucky Skal Labissiere
50%
13 2022-23 SG/SF Toronto Raptors Terence Davis
50%
159 2017-19 C/PF Kentucky Willie Cauley-Stein
50%
45 2017 SF/SG New York Knicks Arron Afflalo
25%
95 2018-20 SG/SF Fenerbahce (Turkey) Bogdan Bogdanovic
25%
19 2021-22 C Los Angeles Lakers Damian Jones
25%
64 2017 PG Los Angeles Clippers Darren Collison
25%
10 2020 C Atlanta Hawks Dewayne Dedmon
25%
11 2026 C Los Angeles Clippers Drew Eubanks
25%
1 2026 C Auburn Dylan Cardwell
25%
2 2021 SF Philadelphia 76ers Glenn Robinson III
25%
1 2026 PF Washington State Isaac Jones
25%
149 2023-25 SG/SF Atlanta Hawks Kevin Huerter
25%
3 2026 PG Cleveland Charge Killian Hayes
25%
75 2017-19 C Memphis Grizzlies Kosta Koufos
25%
44 2021-22 SF Miami Heat Maurice Harkless
25%
138 2019-21 PF/C Minnesota Timberwolves Nemanja Bjelica
25%
28 2026 SG Colorado State Nique Clifford
25%
3 2022 C Boston Celtics Tristan Thompson
25%
24 2017 PG/SG Indiana Pacers Ty Lawson
25%
6 2017 SF New Orleans Pelicans Tyreke Evans
25%
58 2018 PF/C Memphis Grizzlies Zach Randolph
25%
9 2017 PF Detroit Pistons Anthony Tolliver
0%
26 2021-22 PF/C San Antonio Spurs Chimezie Metu
0%
28 2020-21 PG/SG Indiana Pacers Cory Joseph
0%
7 2026 SG Atlanta Hawks Daeqwon Plowden
0%
2 2021 SF Tulsa DaQuan Jeffries
0%
8 2021 PG Detroit Pistons Delon Wright
0%
12 2026 PG Providence Devin Carter
0%
1 2022 SG Milwaukee Bucks Donte DiVincenzo
0%
2 2018 PG Kansas Frank Mason III
0%
56 2017-18 SG/SF Washington Wizards Garrett Temple
0%
36 2018 SG/PG Utah Jazz George Hill
0%
4 2021 C Portland Trail Blazers Hassan Whiteside
0%
6 2018 PF Iowa Energy Jakarr Sampson
0%
25 2022 SG Indiana Pacers Justin Holiday
0%
3 2023 SG Brooklyn Nets Kessler Edwards
0%
3 2023 SF Miami Heat KZ Okpala
0%
2 2017 PG New Orleans Pelicans Langston Galloway
0%
1 2021 SF Westchester Knicks Louis King
0%
4 2018 SF/PF Syracuse Malachi Richardson
0%
2 2017 SF/PF Houston Rockets Omri Casspi
0%
1 2026 SF San Diego Clippers Patrick Baldwin Jr.
0%
25 2022, 2025 PF Detroit Pistons Trey Lyles
0%
4 2018 SF/PF Memphis Grizzlies Vince Carter
0%
3 2019 PG Dallas Mavericks Yogi Ferrell
0%
No matching quizzes found
Score Distribution
Percent of People with Each Score
Percentile by Number Answered
Your Score History
You have not taken this quiz since the last reset